000 01340nam a2200349 i 4500
001 768714001
003 CO-MdFUSB
005 20231024161750.0
007 ta
008 230427t20032004us db||f |||| 00| 0 eng d
020 _a9780830838912
040 _aCO-MdFUSB
_bspa
_cCO-MdFUSB
_dCO-MdFUSBC
_erda
041 _aeng
082 _223
_a270.7
_bN793r
100 _aNoll, Mark A.
_eautor
245 1 4 _aThe rise of evangelicalism
_b: the age of Edwards, Whitefield, and the Wesleys
_c/ Mark A. Noll
264 1 _aDowners Grove, Illinois :
_bInterVarsity Press,
_c2004
264 4 _c©2003
300 _a330 páginas
_c; 23 cm
336 _2rdacontent
_atexto
_btxt
337 _2rdamedia
_asin mediación
_bn
338 _2rdacarrier
_ahoja
_bnb
490 _aA History of Evangelicalism
504 _aIncluye bibliografía (páginas 295-317) e índice (319-330)
505 _aPaisajes: político, eclesiástico, espiritual -- Antecedentes, agitaciones -- Avivamiento, 1734-1738 -- Renacimiento, fragmentación, consolidación, 1738-1745 -- Explicaciones -- Desarrollo, 1745-1770 -- Diversificación, 1770-1795 -- En el mundo -- Religión verdadera
563 _arústica
650 0 _9153
_aHistoria de la Iglesia
650 7 _9222
_aIglesias protestantes
942 _cBK
945 _abs
999 _c68774
_d68774